[Event "Elitserien Allsvenskan 2019-20"]
[Site "Lund"]
[Date "2020.02.01"]
[Round "5.14"]
[White "Kabadayi, Can"]
[Black "Ornstein, Axel"]
[Result "1-0"]
[WhiteElo "2195"]
[BlackElo "2284"]
[Annotator "ChessBase"]
[PlyCount "63"]
[EventDate "2019.10.18"]
[EventType "team-tourn"]
[EventCountry "SWE"]
[SourceTitle "playchess.com"]
[Source "ChessBase"]
[SourceQuality "1"]
[TimeControl "40/5400+30:1800+30"]

1. d4 {[%emt 0:00:00]} Nf6 {[%emt 0:02:29]} 2. c4 {[%emt 0:00:20]} e6 {[%emt 0:00:09]} 3. g3 {[%emt 0:00:11]} c5 {[%emt 0:06:56]} 4. d5 {[%emt 0:00:14]} exd5 {[%emt 0:00:14]} 5. cxd5 {[%emt 0:00:03]} d6 {[%emt 0:00:26]} 6. Nc3 {[%emt 0:00:45]} g6 {[%emt 0:00:05]} 7. Bg2 {[%emt 0:00:27]} Bg7 {[%emt 0:00:04]} 8. Nf3 {[%emt 0:00:16]} O-O {[%emt 0:00:08]} 9. O-O {[%emt 0:00:04]} a6 {[%emt 0:09:26]} 10. a4 {[%emt 0:00:58]} Re8 {[%emt 0:00:04]} 11. Bf4 {[%emt 0:00:28]} Ne4 {[%emt 0:00:05]} 12. Nxe4 {[%emt 0:00:43]} Rxe4 {[%emt 0:00:02]} 13. Nd2 {[%emt 0:00:18]} Rb4 {[%emt 0:00:06]} 14. b3 {[%emt 0:03:03]} Bxa1 {[%emt 0:13:17]} 15. Qxa1 {[%emt 0:00:31]} Rxf4 {[%emt 0:00:02]} 16. gxf4 {[%emt 0:00:10]} Nd7 {[%emt 0:00:02]} 17. Ne4 {[%emt 0:05:04]} Qe7 {[%emt 0:00:05]} 18. Rd1 {[%emt 0:19:17]} f5 {[%emt 0:06:51]} 19. Ng5 {[%emt 0:01:59]} Nf6 {[%emt 0:00:06]} 20. Rd3 {[%emt 0:03:12]} Bd7 {[%emt 0:03:19]} 21. Re3 {[%emt 0:02:29]} Qf8 {[%emt 0:00:52]} 22. Ne6 {[%emt 0:09:44]} Bxe6 {[%emt 0:00:07]} 23. dxe6 {[%emt 0:04:45]} Qe7 {[%emt 0:00:08]} 24. Bxb7 {[%emt 0:02:57]} Rb8 {[%emt 0:20:46]} 25. Bxa6 {[%emt 0:11:23]} d5 {[%emt 0:00:06]} 26. Qe5 {[%emt 0:05:27]} Rb6 {[%emt 0:05:44]} 27. Bb5 {[%emt 0:01:19]} Ng4 {[%emt 0:05:02]} 28. Qxd5 {[%emt 0:01:15]} Rd6 {[%emt 0:00:06]} 29. Qf3 {[%emt 0:06:37]} Nxe3 {[%emt 0:05:05]} 30. Qxe3 {[%emt 0:00:23]} Rd4 {[%emt 0:01:41]} 31. Bc4 {[%emt 0:01:50]} Re4 {[%emt 0:00:06]} 32. Qd2 {[%emt 0:01:46]} 1-0

[Event "Elitserien Allsvenskan 2019-20"]
[Site "Lund"]
[Date "2020.02.01"]
[Round "5.15"]
[White "Malesevic, Nedeljko"]
[Black "Tadjerbashi, Amir"]
[Result "0-1"]
[WhiteElo "2257"]
[BlackElo "2199"]
[Annotator "NA"]
[PlyCount "76"]
[EventDate "2019.10.18"]
[EventType "team-tourn"]
[EventCountry "SWE"]
[SourceTitle "playchess.com"]
[Source "ChessBase"]
[SourceQuality "1"]
[TimeControl "40/5400+30:1800+30"]

1. d4 {[%emt 0:00:19]} d5 {[%emt 0:00:00]} 2. c4 {[%emt 0:00:31]} e6 {[%emt 0:00:00]} 3. Nf3 {[%emt 0:00:19]} c6 {[%emt 0:00:00]} 4. e3 {[%emt 0:01:20]} Nf6 {[%emt 0:00:15]} 5. Nc3 {[%emt 0:02:08]} Nbd7 {[%emt 0:00:44]} 6. Bd3 {[%emt 0:00:44]} dxc4 {[%emt 0:00:27]} 7. Bxc4 {[%emt 0:00:20]} b5 {[%emt 0:00:08]} 8. Bd3 {[%emt 0:06:30]} a6 {[%emt 0:00:19]} 9. O-O {[%emt 0:03:34]} c5 {[%emt 0:00:31]} 10. b3 {[%emt 0:02:09]} Bb7 {[%emt 0:01:40]} 11. Bb2 {[%emt 0:02:56]} cxd4 {[%emt 0:06:43]} 12. exd4 {[%emt 0:01:49] D48: Semi-Slav: Meran System: 7...b5 8 Bd3 a6} Be7 {[%emt 0:05:25]} 13. Re1 {[%emt 0:06:36]} O-O {[%emt 0:00:37]} 14. Rc1 {[%emt 0:17:03]} Nb6 {[%emt 0:20:06]} 15. Ne4 {[%emt 0:05:30]} Nxe4 {[%emt 0:01:04]} 16. Bxe4 {[%emt 0:00:09]} Bxe4 {[%emt 0:00:13]} 17. Rxe4 {[%emt 0:00:05]} Nd5 {[%emt 0:00:40]} 18. Ne5 {[%emt 0:02:24] [#]} Bd6 $146 {[%emt 0:05:37]} ({Predecessor:} 18... Bg5 19. Rc5 Qa5 20. a3 Qd2 21. Qxd2 Bxd2 22. Re2 Bf4 23. g3 Bxe5 24. dxe5 Rfc8 {½-½ (32) Rawat,R (2004)-Sharma,D (2382) New Delhi 2007}) 19. Nd3 {[%emt 0:05:04]} Qe7 {[%emt 0:19:49]} 20. Nc5 {[%emt 0:08:22]} Rfd8 {[%emt 0:00:17]} 21. Qf3 {[%emt 0:16:05]} Rac8 {[%emt 0:00:36]} 22. Nd3 {[%emt 0:06:50]} Ba3 {[%emt 0:00:57]} 23. Qe2 $19 {[%emt 0:04:56]} (23. Rxc8 $17 Rxc8 24. Qe2) 23... Rxc1+ {[%emt 0:12:09]} 24. Nxc1 {[%emt 0:00:12]} Bxb2 {[%emt 0:00:31]} 25. Qxb2 {[%emt 0:00:06]} Qd6 {[%emt 0:02:29]} 26. Ne2 {[%emt 0:01:41]} Nf6 {[%emt 0:00:26]} 27. Re3 {[%emt 0:02:18]} e5 {[%emt 0:02:57]} 28. f3 {[%emt 0:01:19]} exd4 {[%emt 0:00:10]} 29. Rd3 {[%emt 0:00:10]} Qe5 {[%emt 0:00:46]} 30. g3 {[%emt 0:01:05]} Re8 {[%emt 0:01:28]} 31. Nxd4 {[%emt 0:01:32]} Qe1+ {[%emt 0:00:15]} 32. Kg2 {[%emt 0:00:03]} Nd5 {[%emt 0:00:19]} 33. Qd2 {[%emt 0:01:25]} Ne3+ {[%emt 0:02:01]} 34. Kh3 {[%emt 0:00:01]} Qf1+ {[%emt 0:00:48]} 35. Kh4 {[%emt 0:00:01]} Re4+ {[%emt 0:02:12]} 36. g4 {[%emt 0:00:48]} Rxg4+ {[%emt 0:03:28]} 37. fxg4 {[%emt 0:00:11]} Qf6+ {[%emt 0:00:08]} 38. g5 {[%emt 0:01:11]} Qf4+ {[%emt 0:00:09]} 0-1

[Event "Elitserien Allsvenskan 2019-20"]
[Site "Lund"]
[Date "2020.02.01"]
[Round "5.16"]
[White "Nylen, Anders"]
[Black "Gustafsson, Fredrik"]
[Result "1/2-1/2"]
[WhiteElo "2188"]
[BlackElo "2089"]
[Annotator "NA"]
[PlyCount "100"]
[EventDate "2019.10.18"]
[EventType "team-tourn"]
[EventCountry "SWE"]
[SourceTitle "playchess.com"]
[Source "ChessBase"]
[SourceQuality "1"]
[TimeControl "40/5400+30:1800+30"]

1. d4 {[%emt 0:00:00]} Nf6 {[%emt 0:01:02]} 2. c4 {[%emt 0:00:00]} g6 {[%emt 0:00:04]} 3. Nc3 {[%emt 0:00:00]} d5 {[%emt 0:00:06]} 4. cxd5 {[%emt 0:00:07]} Nxd5 {[%emt 0:00:07]} 5. e4 {[%emt 0:00:11]} Nxc3 {[%emt 0:00:14]} 6. bxc3 {[%emt 0:00:06]} Bg7 {[%emt 0:00:05]} 7. Nf3 {[%emt 0:00:14]} c5 {[%emt 0:02:00]} 8. Rb1 {[%emt 0:00:25]} O-O {[%emt 0:00:50]} 9. Be2 {[%emt 0:00:10]} cxd4 {[%emt 0:18:44]} 10. cxd4 {[%emt 0:00:08]} Nc6 {[%emt 0:00:15]} 11. d5 {[%emt 0:02:29]} Na5 {[%emt 0:04:19]} 12. O-O {[%emt 0:02:19] D85: Exchange Grünfeld: Unusual White 7th moves and lines with 7 Nf3} e6 {[%emt 0:06:38] [#]} 13. Ba3 $146 {[%emt 0:05:08]} ({Predecessor:} 13. Bg5 f6 14. Bh4 exd5 15. exd5 b6 16. Bg3 Nb7 17. d6 f5 18. Ba6 Qd7 19. Bh4 f4 20. Be7 Rf5 21. Qd2 Na5 22. Bxc8 Rxc8 23. Rbc1 Rcc5 24. Rxc5 Rxc5 25. Qxf4 Nc6 26. Re1 Rf5 {1-0 (26) Ruzafa Sanchez,J (1834)-Gercowski Tuchszer,L (1753) Eivissa 2018}) 13... Re8 {[%emt 0:00:41]} 14. d6 {[%emt 0:02:18]} e5 {[%emt 0:01:21] [#]} (14... Bd7 $16) 15. Qd2 $1 {[%emt 0:08:35]} Bd7 {[%emt 0:11:14]} 16. Rfd1 {[%emt 0:08:33]} Rb8 {[%emt 0:02:28]} 17. Qe3 {[%emt 0:15:44]} Nc6 {[%emt 0:02:28]} 18. Qc5 {[%emt 0:05:22]} Qf6 {[%emt 0:03:55]} 19. Rd2 {[%emt 0:07:07]} Rec8 {[%emt 0:06:15]} 20. Qb5 $11 {[%emt 0:05:07]} Rd8 {[%emt 0:03:08]} 21. Qc5 {[%emt 0:02:37]} g5 {[%emt 0:08:47]} 22. h3 {[%emt 0:01:59]} h5 {[%emt 0:02:06]} 23. Nh2 {[%emt 0:02:50]} Qg6 {[%emt 0:00:36]} 24. Rdb2 {[%emt 0:07:08]} b6 {[%emt 0:01:12]} 25. Qe3 {[%emt 0:01:34]} Nd4 {[%emt 0:03:02]} 26. Ba6 {[%emt 0:02:01]} g4 {[%emt 0:02:58]} 27. h4 {[%emt 0:03:47]} Bc6 {[%emt 0:02:23]} 28. Re1 {[%emt 0:00:42]} Bf8 {[%emt 0:00:16]} 29. f4 {[%emt 0:03:52]} gxf3 {[%emt 0:01:18]} 30. Nxf3 {[%emt 0:00:11]} Nxf3+ {[%emt 0:00:16]} 31. Qxf3 {[%emt 0:00:08]} Bxd6 {[%emt 0:00:30]} 32. Bxd6 {[%emt 0:03:26]} Rxd6 {[%emt 0:00:12]} 33. Bc4 {[%emt 0:00:38]} Rf6 {[%emt 0:05:16]} 34. Qc3 {[%emt 0:02:21]} Re8 {[%emt 0:01:51]} 35. Bd5 {[%emt 0:01:06]} Bxd5 {[%emt 0:03:35]} 36. exd5 {[%emt 0:00:08]} e4 {[%emt 0:00:25]} 37. Re3 {[%emt 0:02:35]} Rf4 {[%emt 0:01:55]} 38. Rf2 {[%emt 0:03:50]} Rg4 {[%emt 0:03:03]} 39. Qc7 {[%emt 0:01:38]} Qg7 {[%emt 0:02:57]} 40. d6 {[%emt 0:01:04]} Qa1+ {[%emt 0:00:22]} 41. Rf1 {[%emt 0:31:48]} Qg7 {[%emt 0:11:36]} 42. Rf2 {[%emt 0:00:00]} Rf8 {[%emt 0:01:15]} 43. Qc4 {[%emt 0:00:00]} Rd8 {[%emt 0:08:24]} 44. d7 {[%emt 0:00:00]} Qf8 {[%emt 0:01:14]} 45. Qd5 {[%emt 0:00:00]} Qe7 {[%emt 0:04:59]} 46. Qxh5 {[%emt 0:00:00]} Qxd7 {[%emt 0:02:14]} 47. Rf5 {[%emt 0:00:00]} Rg6 {[%emt 0:01:40]} 48. Rxe4 {[%emt 0:00:00]} Qd1+ {[%emt 0:00:05]} 49. Qxd1 {[%emt 0:00:00]} Rxd1+ {[%emt 0:00:03]} 50. Rf1 {[%emt 0:00:21]} Rgd6 {[%emt 0:00:25]} 1/2-1/2

[Event "Elitserien Allsvenskan 2019-20"]
[Site "Lund"]
[Date "2020.01.31"]
[Round "6.1"]
[White "Kulaots, Kaido"]
[Black "Jepson, Christian"]
[Result "1-0"]
[WhiteElo "2510"]
[BlackElo "2384"]
[Annotator "RC"]
[PlyCount "67"]
[EventDate "2019.10.18"]
[EventType "team-tourn"]
[EventCountry "SWE"]
[SourceTitle "playchess.com"]
[Source "ChessBase"]
[SourceQuality "1"]
[TimeControl "40/5400+30:1800+30"]

1. e4 {[%emt 0:00:00]} d6 {[%emt 0:01:27]} 2. d4 {[%emt 0:00:04]} Nf6 {[%emt 0:00:12]} 3. f3 {[%emt 0:00:20]} c5 {[%emt 0:00:54]} 4. d5 {[%emt 0:01:55]} e6 {[%emt 0:00:54]} 5. c4 {[%emt 0:02:57]} Be7 {[%emt 0:06:34]} 6. Nc3 {[%emt 0:01:06]} O-O {[%emt 0:00:16]} 7. Bd3 {[%emt 0:02:15]} exd5 {[%emt 0:07:07]} 8. cxd5 {[%emt 0:00:32]} a6 {[%emt 0:06:02]} 9. Nge2 {[%emt 0:06:34]} Nbd7 {[%emt 0:00:00]} 10. O-O {[%emt 0:03:12]} Ne5 {[%emt 0:04:42]} 11. Bc2 {[%emt 0:00:16]} b5 {[%emt 0:04:27]} 12. f4 {[%emt 0:07:29]} Nc4 {[%emt 0:11:04]} 13. Qd3 {[%emt 0:14:51]} g6 {[%emt 0:04:45]} 14. a4 {[%emt 0:07:04]} Bd7 {[%emt 0:06:08]} 15. Ng3 {[%emt 0:02:19]} Ne8 {[%emt 0:08:49]} 16. b3 {[%emt 0:04:17]} Nb6 {[%emt 0:11:36]} 17. e5 {[%emt 0:11:54]} f5 {[%emt 0:07:24]} 18. a5 {[%emt 0:15:00]} c4 {[%emt 0:12:01]} 19. Qd4 {[%emt 0:08:53]} cxb3 {[%emt 0:00:13]} 20. Bxb3 {[%emt 0:00:08]} Nc4 {[%emt 0:00:06]} 21. Bxc4 {[%emt 0:00:22]} bxc4 {[%emt 0:00:11]} 22. Be3 {[%emt 0:03:10]} Nc7 {[%emt 0:03:28]} 23. Qxc4 {[%emt 0:02:27]} Nb5 {[%emt 0:00:55]} 24. Na4 {[%emt 0:00:34]} Rc8 {[%emt 0:01:54]} 25. Qd3 {[%emt 0:01:10]} dxe5 {[%emt 0:00:46]} 26. fxe5 {[%emt 0:00:26]} Be6 {[%emt 0:00:27]} 27. Nb6 {[%emt 0:01:11]} Rc3 {[%emt 0:00:05]} 28. Qd2 {[%emt 0:00:38]} f4 {[%emt 0:00:57]} 29. Rxf4 {[%emt 0:01:24]} Rxf4 {[%emt 0:00:20]} 30. Bxf4 {[%emt 0:00:04]} Bc5+ {[%emt 0:00:23]} 31. Kh1 {[%emt 0:00:12]} Bxb6 {[%emt 0:00:11]} 32. axb6 {[%emt 0:02:28]} Qxd5 {[%emt 0:00:26]} 33. b7 {[%emt 0:00:43]} Qxb7 {[%emt 0:01:03]} 34. Qd8+ {[%emt 0:00:07]} 1-0

[Event "Elitserien Allsvenskan 2019-20"]
[Site "Lund"]
[Date "2020.01.31"]
[Round "6.2"]
[White "Hector, Jonny"]
[Black "Hillarp Persson, Tiger"]
[Result "1/2-1/2"]
[WhiteElo "2481"]
[BlackElo "2546"]
[Annotator "TA"]
[PlyCount "89"]
[EventDate "2019.10.18"]
[EventType "team-tourn"]
[EventCountry "SWE"]
[SourceTitle "playchess.com"]
[Source "ChessBase"]
[SourceQuality "1"]

{[%evp 15,89,16,37,0,0,0,0,0,0,0,0,0,0,-3,45,40,37,33,35,36,20,25,31,12,77,53,95,77,90,87,82,88,81,25,21,20,78,55,34,47,32,29,28,38,28,28,28,28,28,0,0,0,0,0,0,0,0,0,0,0,0,0,0,0,0,0,0,0,0,0,0,0,0,0,0,0]} 1. e4 c5 2. Nf3 d6 3. d4 cxd4 4. Nxd4 Nf6 5. Nc3 a6 6. Bg5 e6 7. f4 h6 8. Bh4 Qb6 9. Qd3 {B96: Sicilian Najdorf: 6 Bg5 e6 7 f4, lines other than 7...Qb6 and 7...Be7} (9. Bxf6 gxf6 10. Qd2 Qxb2 11. Nb3 Qa3 12. Be2 Nc6 13. O-O Bg7 14. Qe3 O-O 15. Rad1 f5 16. exf5 exf5 17. Rd3 Nb4 18. Rd2 Be6 19. Nb1 Qa4 20. Nd4 Rfe8 21. Qg3 Nc6 22. Nxe6 Rxe6 23. c3 Qa5 24. Kh1 {0-1 (49) Hector,J (2478)-Hillarp Persson,T (2542) Denmark 2020}) 9... Qxb2 10. Rb1 Qa3 11. e5 Nd5 12. Nxd5 Qxd3 13. Bxd3 exd5 14. e6 $40 {[%mdl 128] White attacks.} Nc6 15. exf7+ Kxf7 16. Nxc6 bxc6 17. Rb6 c5 {[#]} 18. O-O $146 ({Predecessor:} 18. Rc6 Be7 19. Rc7 Re8 20. O-O Kf8 21. Bg6 Bxh4 22. Bxe8 Kxe8 23. Rxg7 Bf6 24. Rh7 {0-1 (36) Kjoita,H (2083)-Moen,A (2346) Oslo 2016}) 18... Ra7 19. a4 {[%cal Ba2a4,Ba4a5][%mdl 1056] White has compensation.} g6 (19... a5 $11) 20. a5 c4 21. Be2 Bf5 22. Bf3 Be4 23. Bxe4 dxe4 24. Rc6 ({White should play} 24. Rd1 $16) 24... Bg7 $11 25. Rxd6 {White wants to play f5.} Re8 (25... e3 $11 {keeps the balance.}) 26. Rfd1 e3 {[#] And now ...e2 would win.} 27. Rd7+ Rxd7 28. Rxd7+ $14 {[%mdl 4096] Endgame KRB-KRB} Kg8 29. Be1 Rb8 30. Kf1 Rb1 $1 31. Ke2 {Hoping for Rd6.} Rc1 32. c3 Bxc3 {The position is equal.} 33. Bxc3 Rxc3 $11 {KR-KR} 34. Ra7 Rc2+ 35. Kxe3 Rxg2 36. Rxa6 Rxh2 37. Rxg6+ Kh7 38. Rc6 Ra2 39. a6 c3 40. f5 {[#] aiming for Rc7+.} c2 41. Kd2 {Rc7+ is the strong threat.} h5 42. Rc7+ Kh6 43. Ra7 h4 {Strongly threatening ...h3.} 44. Ra8 h3 45. Rh8+ {Accuracy: White = 88%, Black = 86%.} 1/2-1/2

[Event "Elitserien Allsvenskan 2019-20"]
[Site "Lund"]
[Date "2020.01.31"]
[Round "6.3"]
[White "Smith, Axel"]
[Black "Lindgren, Philip"]
[Result "1-0"]
[WhiteElo "2469"]
[BlackElo "2356"]
[Annotator "TA"]
[PlyCount "67"]
[EventDate "2019.10.18"]
[EventType "team-tourn"]
[EventCountry "SWE"]
[SourceTitle "playchess.com"]
[Source "ChessBase"]
[SourceQuality "1"]

{[%evp 12,67,34,34,44,0,0,0,0,0,0,0,51,47,41,45,62,52,84,63,106,106,194,182,204,195,202,183,178,172,252,241,334,242,420,267,331,160,183,114,514,500,473,250,944,938,939,911,1547,1362,1240,1418,1429,1505,1527,1494,3575,3504]} 1. e4 c5 2. Nc3 Nc6 3. Bb5 Nd4 4. Bc4 g6 5. Nf3 Bg7 6. Nxd4 cxd4 7. Qf3 {[%csl Gc4][%cal Rf3f7]} Nf6 {B23: Closed Sicilian: Lines without g3} 8. Nb5 {Hoping for e5.} (8. e5 {feels hotter.} dxc3 9. dxc3 O-O 10. exf6 Bxf6 11. Bh6) 8... O-O 9. Nxd4 d5 {The position is equal.} 10. exd5 e5 $1 {[%cal Re5d4]} 11. Ne2 e4 (11... Bf5 $11) 12. Qb3 $14 {[#]} b5 $146 ({Predecessor:} 12... b6 13. Nc3 Bb7 14. O-O Qd6 15. Nb5 Qc5 16. d4 exd3 17. Be3 Qe7 18. Qxd3 a6 {½-½ (78) Granaldi,A (1991)-Rizzo,G (2093) Valenzano 2006}) 13. Qxb5 Bd7 14. Qa6 Bc8 15. Qa3 Qc7 16. d3 Bg4 (16... exd3 $16 17. cxd3 (17. Qxd3 Bf5 $11) 17... Bb7) 17. Bf4 Qc8 {With the idea ...Bxe2.} 18. Nc3 exd3 19. cxd3 Re8+ {[#]} 20. Be3 $1 Rb8 (20... Nh5 {keeps fighting.} 21. Ba6 Qd8) 21. O-O $18 Bf8 22. Qa6 Qf5 $2 (22... Qxa6 23. Bxa6 Rxb2) 23. Bd4 Bg7 24. f3 (24. Bxa7 $18 {and White stays clearly on top.} Rxb2 25. Rae1) 24... Rxb2 $16 {[#]} 25. fxg4 ({White has to play} 25. Qa3 $1 $18 {[%cal Ra3b2]} Rxg2+ 26. Kxg2 Bh3+ 27. Kh1 Bxf1 28. Rxf1) 25... Qxg4 $4 {[%mdl 8192]} (25... Rxg2+ $16 {is a better chance.} 26. Kxg2 Qxg4+ 27. Kh1 Nh5) 26. Bf2 $18 Nh5 {Threatens to win with ...Nf4.} 27. h3 (27. Qa4 $142 Ree2 28. Nxe2 Rxe2 29. h3) 27... Qg5 $2 (27... Qf4 28. Qc6 (28. Bxa7 {gets mated.} Bd4+ 29. Bxd4 Qxd4+ {[%mdl 64] Double Attack} 30. Kh1 Ng3+ {[%mdl 64] Double Attack} 31. Kh2 Nxf1+ 32. Rxf1 Qe5+ 33. Kh1 Qg3 34. Ne2 Rbxe2 35. Rg1 Rxg2 36. Qxg6+ hxg6 37. Rxg2 Re1+ 38. Rg1 Rxg1#) 28... Rf8) 28. Ne4 {White is clearly winning.} Qe5 29. Rae1 Nf4 {[#]} 30. Nf6+ $1 Bxf6 (30... Qxf6 31. Rxe8+) 31. Rxe5 Bxe5 32. d4 Bg7 33. d6 Rb6 34. Qxa7 {Accuracy: White = 56%, Black = 47%.} 1-0

[Event "Elitserien Allsvenskan 2019-20"]
[Site "Lund"]
[Date "2020.01.31"]
[Round "6.4"]
[White "Brynell, Stellan"]
[Black "Tikkanen, Hans"]
[Result "1/2-1/2"]
[WhiteElo "2409"]
[BlackElo "2503"]
[Annotator "TA"]
[PlyCount "65"]
[EventDate "2019.10.18"]
[EventType "team-tourn"]
[EventCountry "SWE"]
[SourceTitle "playchess.com"]
[Source "ChessBase"]
[SourceQuality "1"]

{[%evp 9,65,7,16,14,2,14,27,19,35,25,16,23,18,17,47,45,39,42,42,38,42,42,41,43,51,35,45,43,46,26,52,0,0,0,0,0,0,0,5,12,34,37,53,53,48,53,53,45,45,45,51,46,32,25,26,25,20,29]} 1. d4 d5 2. Nf3 c6 3. g3 Bg4 4. Bg2 Nd7 5. O-O e6 6. h3 {A07: Réti Opening: New York and Capablanca Systems} Bh5 7. c4 Bd6 8. Qb3 {White has an edge.} Rb8 9. e4 dxe4 10. Ng5 Ngf6 11. Nc3 Bg6 12. Ngxe4 Nxe4 13. Nxe4 Bxe4 14. Bxe4 O-O 15. Be3 {[#]} Nf6 $146 ({Predecessor:} 15... Qe7 16. Bg2 Nf6 17. Rad1 a6 18. Rfe1 Rbc8 19. Bg5 Rb8 20. f4 h6 21. Bh4 Bc7 {1-0 (38) Lagunow,R (2431)-Afanasiev,V (2263) Riga 2019}) 16. Bg2 a6 17. Rfd1 Qd7 18. Rac1 Rfc8 19. Bg5 Ne8 20. Qe3 ({White should try} 20. Qf3 $14) 20... h6 $11 21. Bf4 Bxf4 22. Qxf4 Qd6 23. Qe3 Nf6 24. Bf3 b5 25. b3 bxc4 26. Rxc4 Nd5 27. Qd2 Rb5 28. Rdc1 Ne7 29. Qc3 {[%cal Rf3c6]} Nd5 30. Bxd5 Rxd5 31. Rxc6 Rxc6 32. Qxc6 Rxd4 33. Qe8+ {Accuracy: White = 96%, Black = 91%.} 1/2-1/2

[Event "Elitserien Allsvenskan 2019-20"]
[Site "Lund"]
[Date "2020.01.31"]
[Round "6.5"]
[White "Mauritsson, Sebastian"]
[Black "Penalver, Osmani"]
[Result "1-0"]
[WhiteElo "2362"]
[BlackElo "2250"]
[Annotator "TA"]
[PlyCount "67"]
[EventDate "2019.10.18"]
[EventType "team-tourn"]
[EventCountry "SWE"]
[SourceTitle "playchess.com"]
[Source "ChessBase"]
[SourceQuality "1"]

{[%evp 19,67,87,117,117,175,165,235,240,239,208,387,339,363,306,322,216,212,209,375,304,256,252,350,370,385,253,253,253,253,253,269,270,897,899,887,895,2034,2131,2012,1988,29980,29981,29981,29982,29980,29981,29996,29997,29997,29998]} 1. e4 c5 2. Nf3 e6 3. d4 cxd4 4. Nxd4 Nf6 5. Nc3 d6 6. g4 Nc6 7. g5 Nd7 8. Be3 Be7 9. h4 a6 10. Qd2 Qc7 11. O-O-O {B81: Sicilian Scheveningen: Keres Attack} Nce5 (11... b5 $16) 12. f4 $18 Nc4 (12... Ng4 {keeps fighting.} 13. h5 Nxe3 14. Qxe3 b5) 13. Bxc4 $1 {White is clearly better.} Qxc4 14. h5 {[#]} Nf8 $146 (14... b5 {was necessary.}) ({Predecessor:} 14... b5 15. b3 Qc7 16. g6 Nf6 17. gxf7+ Kxf7 18. f5 e5 19. Nf3 Qa5 20. Ng5+ Ke8 {½-½ (60) Hammer,J (2380)-Murtez,H (2318) Fuegen 2006}) 15. f5 Bd7 16. h6 g6 17. f6 Bd8 18. Nf3 Bc7 $2 (18... Qc7 19. Rh4 (19. Qxd6 Qxd6 20. Rxd6 Bc6 $16) 19... Bc6) 19. b3 Qb4 20. Kb2 {[#] Strongly threatening a3.} Ba5 {intending ...Rc8.} 21. Bd4 {aiming for a3.} Bd8 22. a3 Qa5 23. Rhe1 Rc8 24. Bf2 e5 25. Re3 Bc7 $2 (25... Qc7 26. Qxd6 Qxd6 27. Rxd6 Bc7) 26. b4 Qb6 27. Nd5 Qb5 28. Nxc7+ {[%mdl 64] [#] Discovered Attack} Rxc7 29. Qxd6 {[%csl Gf6][%cal Rd6e7][%mdl 64] Double Attack} Kd8 30. Nxe5 {White mates.} Kc8 31. Rc3 Rxc3 32. Kxc3 a5 33. Ba7 {[%csl Ga7][%cal Rd6b8]} axb4+ 34. axb4 {Accuracy: White = 73%, Black = 44%.} 1-0